000 00638nam a2200265Ia 4500
005 20260121165036.0
008 008 260114s9999 xx 000 0 eng d
020 _a9781137535719
037 _aEBOOK
040 _aCRL
040 _beng
040 _cCRL
041 _2eng
041 _aeng
084 _qCRL
100 _aSurja Datta
_91046813
245 2 _aA History of the Indian University System
260 _bSpringer
260 _bSpringer
260 _c2017
856 _uhttps://link.springer.com/openurl?genre=book&isbn=978-1-137-53571-9
942 _cEBOOK
999 _c1612538
_d1612538